000 00219nam a22000857a 4500
999 _c11027
_d11027
008 180727b ||||| |||| 00| 0 eng d
100 _aFoley Ryan
_96779
245 _aThe Treasured Thief
260 _aNew Delhi
_bCampfire
_c2016